书目信息 |
| 题名: |
中国小微金融
|
|
| 作者: | 李全 著 | |
| 分册: | ||
| 出版信息: | 北京 经济科学出版社 2013 |
|
| 页数: | 179页 | |
| 开本: | 24cm | |
| 丛书名: | 中青年经济学家文库 | |
| 单 册: | ||
| 中图分类: | F832.3 | |
| 科图分类: | ||
| 主题词: | 金融组织--研究--中国 | |
| 电子资源: | ||
| ISBN: | 978-7-5141-3800-9 | |
| 000 | 01211oam2 2200265 450 | |
| 001 | 339623 | |
| 005 | 20150608163034.79 | |
| 010 | @a978-7-5141-3800-9@dCNY48.00 | |
| 100 | @a20131211d2013 em y0chiy50 ea | |
| 101 | 0 | @achi |
| 102 | @aCN@b110000 | |
| 105 | @ay z 000yy | |
| 106 | @ar | |
| 200 | 1 | @a中国小微金融@Azhong guo xiao wei jin rong@e贯穿中国中小微企业融资的规划与盈利模式设计@f李全著 |
| 210 | @a北京@c经济科学出版社@d2013 | |
| 215 | @a179页@d24cm | |
| 225 | 2 | @a中青年经济学家文库 |
| 330 | @a本书首先阐释了小微金融的理论基础, 从金融深化理论开始, 一直写到小微金融在产业经济中的回归。书中描述了古代民间金融的各种形态, 及其在现代的发展和演变, 不仅讨论了常见的典当、民间借贷等小微金融模式, 也介绍了鲜为人知的票号、合会等多种小微金融机构。书中还介绍了互联网金融等新业态对传统金融模式的颠覆, 论述了影子银行存在的相关问题及金融监管等内容。 | |
| 410 | 0 | @12001 @a中青年经济学家文库 |
| 517 | 1 | @a贯穿中国中小微企业融资的规划与盈利模式设计@Aguan chuan zhong guo zhong xiao wei qi ye rong zi de gui hua yu ying li mo shi she ji |
| 606 | 0 | @a金融组织@x研究@y中国 |
| 690 | @aF832.3@v5 | |
| 701 | 0 | @a李全@Ali quan@c(经济学)@4著 |
| 801 | 0 | @aCN@b卓展宏图@c20150525 |
| 905 | @dF832.3@e132@f4 | |
| 中国小微金融:贯穿中国中小微企业融资的规划与盈利模式设计/李全著.-北京:经济科学出版社,2013 |
| 179页;24cm.-(中青年经济学家文库) |
| ISBN 978-7-5141-3800-9:CNY48.00 |
| 本书首先阐释了小微金融的理论基础, 从金融深化理论开始, 一直写到小微金融在产业经济中的回归。书中描述了古代民间金融的各种形态, 及其在现代的发展和演变, 不仅讨论了常见的典当、民间借贷等小微金融模式, 也介绍了鲜为人知的票号、合会等多种小微金融机构。书中还介绍了互联网金融等新业态对传统金融模式的颠覆, 论述了影子银行存在的相关问题及金融监管等内容。 |
| ● |
| 相关链接 |
|
|
|
|
正题名:中国小微金融
索取号:F832.3/132
 
预约/预借
| 序号 | 登录号 | 条形码 | 馆藏地/架位号 | 状态 | 备注 |
| 1 | 863398 | 208633987 | 第一样本阅览室/ [索取号:F832.3/132] | 在馆 | |
| 2 | 863399 | 208633996 | 密集书库-海洋学院/ [索取号:F832.3/132] | 在馆 | |
| 3 | 863400 | 208634003 | 第一借阅区/ [索取号:F832.3/132] | 在馆 | |
| 4 | 863401 | 208634012 | 第一借阅区/ [索取号:F832.3/132] | 在馆 |